| 000 | 01073nam a22002537a 4500 | ||
|---|---|---|---|
| 005 | 20170124103205.0 | ||
| 010 | _a955278 | ||
| 020 | _c12.00 | ||
| 035 | _a955278 | ||
| 037 | _bCen Lib/Ret | ||
| 040 |
_aDPL _bHN |
||
| 082 |
_a181.4 _bदेवरा |
||
| 100 |
_aदेवराज _9500 |
||
| 245 |
_aपूर्वी और पश्चिमी दर्शन / _cदेवराज |
||
| 246 |
_aPoorvi aur pashchimi darshan / _bby Devraj |
||
| 260 |
_aइलाहाबाद _bलोकभारती प्रकाशन _c1979 |
||
| 270 |
_a15-ए, महात्मा गाँधी मार्ग _bइलाहाबाद |
||
| 300 |
_aviii,212पृ. _c21सेमी(सजिल्द) |
||
| 650 |
_aदर्शन--प्रयोजन और महत्तव _910161 |
||
| 650 |
_aबीसवीं शती का दर्शन _947067 |
||
| 650 |
_aPhilosophy--Purpose and significance _993528 |
||
| 650 |
_aPhilosophy of the twentieth century _993529 |
||
| 942 |
_2ddc _cHN _h181.4 _mदेवरा |
||
| 999 |
_c120949 _d120949 |
||